logo

Bir Sreshtho Munshi Abdur Rouf Library
Jhenaidah Cadet College

শহীদ তিতুমীর / (Record no. 3556)

MARC details
000 -LEADER
fixed length control field 00627nam a2200205 a 4500
001 - CONTROL NUMBER
JCCL Control Number 3556
003 - CONTROL NUMBER IDENTIFIER
JCCL marc code BD-JhCC
005 - DATE AND TIME OF LATEST TRANSACTION
control field 20171114202419.0
008 - FIXED-LENGTH DATA ELEMENTS--GENERAL INFORMATION
fixed length control field 171114s1964 bg |||| |||| 000 0 ben d
035 ## - SYSTEM CONTROL NUMBER
system control number (BD-JhCC)
040 ## - CATALOGING SOURCE
Original cataloging agency BD-JhCC
Modifying agency BD-JhCC
041 ## - LANGUAGE CODE
Language code of Book ben
082 ## - DEWEY DECIMAL CLASSIFICATION NUMBER
Classification number 923.1
Author mark and Year AHA 1964
100 ## - MAIN ENTRY--PERSONAL NAME
Personal name আহমদ, আবুযযোহা নূর
245 ## - TITLE STATEMENT
Title শহীদ তিতুমীর /
Statement of responsibility, etc আবুযযোহা নূর আহমদ
260 ## - PUBLICATION, DISTRIBUTION, ETC. (IMPRINT)
Place of publication, distribution, etc ঢাকা:
Name of publisher, distributor, etc আহমদ পাবলিশিং হাউস;
Date of publication, distribution, etc ১৯৬৪
300 ## - PHYSICAL DESCRIPTION
Pagination 45 p.;
Dimensions 14 cm
650 ## - SUBJECT ADDED ENTRY--TOPICAL TERM
Topical term or geographic name as entry element Biography
942 ## - ADDED ENTRY ELEMENTS (KOHA)
Source of classification or shelving scheme Dewey Decimal Classification
Koha item type Books
Holdings
Source of classification or shelving scheme Damaged status Not for loan Home library Current library Date of accession Cost, normal purchase price Total Checkouts Full call number Barcode Date last seen Copy number Koha item type
Dewey Decimal Classification     JCC Rouf Library JCC Rouf Library 11/14/2017 0.75   923.1 AHA 1964 3896 11/14/2017 C-1 Books

JCC Library | Contacts | JCC Home

Last Update on 23 September 2017
Copyright @ 2017-2020 JCC Rouf Library
Rouf Library, Jhenidah Cadet College (JCC), Bangladesh